000 00248 a2200097 4500
001 90907
082 _a297.14 USM
090 _c43041
_d43041
100 _aFazeel u Rehman Hilal Usmani
245 _aIslami Qanoon
_cFazeel u Rehman Hilal Usmani
_hUrdu
942 _aCAE NUST
_k297.14 USM
999 _c325980
_d325980